000 00510nam a22001937a 4500
003 OSt
005 20140310184331.0
008 121112t xxu||||| |||| 00| 0 eng d
020 _a0439211255
050 _aPZ 7
_b.M135 2000
100 _aMacdonald, Alan
_923860
245 _aHenry VIII and His Chopping Block /
_cAlan Macdonald.
260 _aNew York :
_bScholastic Inc.,
_c2000.
300 _a176 p. :
_bill. ;
_c19 cm.
521 _aG5
526 _c710
942 _2lcc
_cBK-SCHOLAS
999 _c33671
_d33671